Регионална библиотека "Любен Каравелов" - Русе

Първият прозорец [видео DVD] (Запис номер 223478)

MARC детайли
000 -Лидер
Контролно поле с фиксирана дължина 02636ngm a2200577 a 4500
003 - Код на организацията, давaща контролен номер
Контролно поле BLK
005 - Дата и час на последна редакция
Контролно поле 20250715130241.0
008 - Елементи от данни с фиксирана дължина
fixed length control field 180410b bul||n||s|||||||| m|bulo|
010 ## - Наследен системен номер
LC control number CDD00005205000
040 ## - Източник на каталожния запис
Идентификатор на билиотеката - собственик на записа BLK
041 ## - Код за език
Код за езика на текст/звукозапис или на отделно заглавие Български
Код за езика КДБФ Български
072 #7 - Код за тематичната категория
Код организация bullib
Код за тематична категория Ф0602
Текст Документални филми Ф
072 #7 - Код за тематичната категория
Код организация bullib
Код за тематична категория К
Текст Краезнание
080 ## - УДК
Текстов определител УДК Австрийска литература
УДК код - определител по УДК 821.112(436)
УДК определител (092)(086.8)
УДК - код + определител 821.112(436)(092)(086.8)
080 ## - УДК
Текстов определител УДК Филмова информация. Кинохроники
УДК код - определител по УДК 791.43-92
УДК - код + определител 791.43-92
080 ## - УДК
Текстов определител УДК Австрийски писател. Носител на Нобелова награда за литература
УДК код - определител по УДК 929 Канети, Елиас
УДК - код + определител 929 Канети, Елиас
139 ## - Редно поле
Редна дума Първият прозорец [видео DVD]
Авторски знак Канг - К 25
245 10 - Сведения за заглавието
Заглавие Първият прозорец [видео DVD]
Редно поле (дума) сценарист Веселина Йорданова Антонова; режисьор Венцислава Димитрова; оператор Никола Тодоров.
257 ## - Страна на издаване
Страна на създаване/издаване България
260 ## - Област на издателските данни
Място на издаване, разпространение и проч. Русе
Име на издателя, разпространителя и проч. Регион. телевизионен център
Година на издаване [2008]
300 ## - Физическа характеристика
Страници (1,00 GB)
Размери/Мащаб 12 см
380 ## - Жанр
Жанр Изкуство
490 ## - СЕРИИ (Колекции)
Име на серия Опознайте историята и забележителностите на родния край с филмите на РТВЦ - Русе
500 ## - Общи забележки
Забележка Дигитално изд.
600 #0 - Име на лице, използвано като предмет
За него / За нея Канети, Елиас
Свързани дати 1905 - 1994
Друга информация Австрийски писател - нобелист, роден в Русе
9 (RLIN) 367554
650 #4 - Допълнително описание по предмет – тема
Основно описание – тема или топоним Канети, Елиас
9 (RLIN) 367554
650 #4 - Допълнително описание по предмет – тема
Основно описание – тема или топоним Писатели, австрийски
9 (RLIN) 251826
651 #4 - Допълнително описание по предмет - топоним
Географско понятие Русе
9 (RLIN) 179462
651 #4 - Допълнително описание по предмет - топоним
Географско понятие България
9 (RLIN) 241624
651 #4 - Допълнително описание по предмет - топоним
Географско понятие Австрия
9 (RLIN) 245450
653 ## - Ключова дума – ненормативна
Ключова дума Елиас Канети
653 ## - Ключова дума – ненормативна
Ключова дума детство
653 ## - Ключова дума – ненормативна
Ключова дума Русчук
653 ## - Ключова дума – ненормативна
Ключова дума писатели
653 ## - Ключова дума – ненормативна
Ключова дума нобелови награди
653 ## - Ключова дума – ненормативна
Ключова дума австрийски писатели
653 ## - Ключова дума – ненормативна
Ключова дума документални филми
659 ## - Тематичен бюлетин
Тематичен бюлетин К
659 ## - Тематичен бюлетин
Тематичен бюлетин Ф
700 1# - Други автори (авторска отговорност)
Лично име Антонова, Веселина Йорданова
Автороска отговорност (Описва отношението между автора и произведението) сценарист
9 (RLIN) 365633
700 1# - Други автори (авторска отговорност)
Лично име Димитрова, Венцислава
Автороска отговорност (Описва отношението между автора и произведението) режисьор
9 (RLIN) 354993
700 1# - Други автори (авторска отговорност)
Лично име Тодоров, Никола
Автороска отговорност (Описва отношението между автора и произведението) оператор
9 (RLIN) 382699
760 1# - Описание на основната серия
Заглавие
852 ## - Местоположение
Форматна сигнатура Цб CD 2998
Част 0
856 4# - Електронен адрес и достъп
Електронен формат pdf - файл
Път до файла /url/
856 4# - Електронен адрес и достъп
Електронен формат pdf - файл
Път до файла /url/
942 ## - АРТИКУЛИ
Вид на библиотечния материал Компактдискове
Скрит в OPAC Не
Koha issues (borrowed), all copies 1
944 ## - СЪЗДАВАНЕ И РЕДАКЦИЯ на ЗАПИСА
Създаване/Редакция Създаване
Дата на регистрацията/редакция 19.10.2011
Служител, извършил регистрацията/редакцията 30558
Статус, дата на статуса Валя Йорданова
944 ## - СЪЗДАВАНЕ И РЕДАКЦИЯ на ЗАПИСА
Създаване/Редакция Редакция
Дата на регистрацията/редакция 19.09.2013
999 ## - СИСТЕМНИ КОНТРОЛНИ НОМЕРА
Koha biblionumber 223478
Koha biblioitemnumber 223478
999 ## - СИСТЕМНИ КОНТРОЛНИ НОМЕРА
Koha biblioitemnumber 223478
Наличности
Код за отписване Код за изгубен артикул Източник на класификационната схема Код за повреда Коз за рестрикции Код за отдаване Артикулен № Име на библиотеката - собственик Име на библиотеката, в която се намира в момента Статус (Текущо местоположение) Дата на вписване в системата Местоположение - отдел Цена в лева Инвентарен номер Систематично азбучна сигнатура Баркод Номер на екземпляра Цена в евро Служебна бележка Служебен тип на артикула
  Не е изгубен Universal Decimal Classification Не е повреден без рестрикции заемане за дома 395506 Регионална библиотека "Любен Каравелов" Русе Регионална библиотека "Любен Каравелов" Русе Отдел Изкуство - подръчен фонд 2011-10-19 Отдел Изкуство - подръчен фонд 10.00 250000004735 791.229/К 25 250000004735 1 5.11 Дост: DA Вид: А N: 16 Дата: 19.10.2011 Съставил: Валя_Йорданова Компактдискове
  Не е изгубен Universal Decimal Classification Не е повреден без рестрикции ползва се в читалня 395507 Регионална библиотека "Любен Каравелов" Русе Регионална библиотека "Любен Каравелов" Русе Краезнание 2011-10-19 Краезнание 10.00 250000004736 К 821(092)/К 25 E 250000004736 2 5.11 Дост: DA Вид: А N: 16 Дата: 19.10.2011 Съставил: Валя_Йорданова Компактдискове
Vip Innovations Ltd, Rousse, Bulgaria 2025